Vista normal
Vista MARC
Entrada Personal Name
Número de registros utilizados en: 1
001 - CONTROL NUMBER
- control field: 68783
003 - CONTROL NUMBER IDENTIFIER
- control field: OSt
005 - DATE AND TIME OF LATEST TRANSACTION
- control field: 20260214181927.0
008 - FIXED-LENGTH DATA ELEMENTS
- fixed length control field: 260214|| aca||aabn | a|a d
040 ## - CATALOGING SOURCE
- Original cataloging agency: OSt
- Transcribing agency: OSt
100 ## - HEADING--PERSONAL NAME
- Personal name: Torices, Marc
- Dates associated with a name: 1989-
670 ## - SOURCE DATA FOUND
- Source citation: Work cat.: (OSt)60480: Torices, Marc 1989- dibujante autor, Cornelius :